00540nam a2200181Ia 450000500170000000800410001702000150005808200210007310000140009424500540010826000380016230000180020065000110021865000110022994200060024095200970024699900150034320250109050759.0240331s9999 xx 000 0 und d a0415082102 bMOI22711a305.3 aGatens, M 0aImaginary bodies:bEthics, Power and Corporeality aLondonaNew YorkbRoutledgec1996 axvii, 163 p., aEthics aGender cL 001040708LaWERCLbWERCLcSSCd2024-03-31l0o 305.3 GATp2711r2024-03-31w2024-03-31yL c1570d1570